000 00602nam a2200193Ia 4500
005 20260120124536.0
008 008 260114s9999 xx 000 0 eng d
020 _a9781783509744
037 _aEBOOK
040 _aCRL
_beng
_cCRL
041 _aeng
_2eng
084 _qCRL
245 4 _aThe Evolving Boundaries of Defence: An Assessment of Recent Shifts in Defence Activities
260 _bEmerald Publishing
_c2014
700 _aRenaud Bellais
_9907582
856 _uhttps://www.emerald.com/insight/publication/doi/10.1108/S1572-8323201423
942 _cEBOOK
999 _c1499437
_d1499437